Historical Monarchs Quiz #1 - Statistics

General Stats
  • This quiz has been taken 585 times
  • The average score is 16 of 32
Answer Stats
Position Reign Monarch % Correct
Queen of England 1558–1603 Elizabeth
97%
Queen of England 1837–1901 Victoria
96%
Queen of England 1553–1558 Mary
93%
Roman Emperor 27 BC–14 AD Augustus
82%
German Kaiser 1888–1918 Wilhelm II
82%
Queen of England 1702–1707 Anne
81%
King of the Huns 434–453 Attila
81%
Roman Emperor 54–68 Nero
79%
King of Israel 1010–970 BC David
72%
Roman Emperor 37–41 Caligula
66%
King of Israel 970–931 BC Solomon
66%
Prussian King 1740–1786 Frederick II
58%
Roman Emperor 14–37 Tiberius
52%
Holy Roman Emperor 1519–1556 Charles V
50%
Zulu King 1816–1828 Shaka
49%
Roman Emperor 41–54 Claudius
46%
Emperor of Brazil 1831–1889 Pedro II
43%
Prince of Monaco 1949–2005 Rainier III
43%
Holy Roman Emperor 962–973 Otto
40%
Roman Emperor 117–138 Hadrian
35%
King of Israel 1037–1010 BC Saul
35%
Saudi King 2005–2015 Abdullah
34%
Roman Emperor 161–180 Marcus Aurelius
31%
Timurid Amir 1370–1405 Timur
31%
Saudi King 2015– Salman
27%
Saudi King 1932–1953 Ibn Saud
26%
King of Portugal 1385–1433 John
22%
Sultan of Egypt 1174–1193 Saladin
22%
Mauryan Emperor 268–232 BC Ashoka
18%
Saudi King 1982–2005 Fahd
14%
King of Kongo 1509–1543 Afonso
11%
Sultan of Oman 1970–2020 Qaboos bin Said
9%
No matching quizzes found
Score Distribution
Percent of People with Each Score
Percentile by Number Answered
Your Score History
You have not taken this quiz